[Event "Europa ch 2008"]
[Site "Plovdiv BUL"]
[Date "2008.04.23"]
[Round "3.30"]
[White "Bocharov, Dmitry"]
[Black "Miroshnichenko, Evgenij"]
[Result "1-0"]
[WhiteElo "2569"]
[BlackElo "2642"]
[PlyCount "107"]
[EventDate "2008.04.21"]
[Source "www.chesslib.no"]
[SourceDate "2004.05.04"]

1. d4 Nf6 2. c4 g6 3. g3 Bg7 4. Bg2 O-O 5. Nc3 c6 6. e4 d6 7. Nge2 e5 8. O-O a6 9. h3 b5 10. Be3 Nbd7 11. c5 dxc5 12. dxe5 Nxe5 13. Bxc5 Re8 14. Qxd8 Rxd8 15. Rad1 Bb7 16. f4 Nc4 17. b3 Nb2 18. Rxd8+ Rxd8 19. e5 Nd5 20. Nxd5 cxd5 21. Bd4 Nd3 22. Rd1 Nb4 23. Nc3 Rc8 24. Rd2 Bf8 25. Kf2 Bc5 26. Ne2 Be7 27. Bc3 Bc5+ 28. Kf1 Rc7 29. a3 Nc6 30. b4 Be7 31. Bxd5 Kf8 32. g4 a5 33. f5 gxf5 34. gxf5 axb4 35. axb4 Bg5 36. Ra2 Rd7 37. Be4 Rd1+ 38. Kg2 Ke8 39. Ra1 Rd7 40. Kg3 h6 41. f6 Kd8 42. Rf1 Ke8 43. h4 Be3 44. e6 fxe6 45. f7+ Rxf7 46. Bg6 Nd8 47. Bd4 Bxd4 48. Nxd4 Ke7 49. Bxf7 Nxf7 50. Rc1 Nd6 51. Rc7+ Kf6 52. Nxb5 Nf5+ 53. Kf2 Bh1 54. Na3 1-0

[Event "Mind Sports Games - Blitz Pair"]
[Site "Pechino CINA"]
[Date "2008.10.08"]
[Round "5"]
[White "Ghaem Maghami, E."]
[Black "Banikas, H."]
[Result "1-0"]
[WhiteElo "2599"]
[BlackElo "2572"]
[PlyCount "87"]
[EventDate "2008.10.08"]
[Source "www.chesslib.no"]
[SourceDate "2004.05.04"]

1. c4 g6 2. d4 Nf6 3. g3 Bg7 4. Bg2 O-O 5. Nc3 c6 6. e4 d6 7. Nge2 e5 8. O-O a6 9. d5 cxd5 10. cxd5 Nbd7 11. h3 b5 12. a3 Rb8 13. Be3 a5 14. b4 Nb6 15. Qd3 Nc4 16. Ba7 Rb7 17. Nxb5 Bd7 18. a4 Nb2 19. Qe3 Nxa4 20. Nxd6 Rxb4 21. Rfb1 Qe7 22. Rxb4 axb4 23. Nc4 Bb5 24. Na5 Rc8 25. Nc6 Qd6 26. Rxa4 Bxa4 27. Bc5 Qc7 28. Ne7+ Kh8 29. Nxc8 Qxc8 30. Bxb4 Nd7 31. Nc3 Bb3 32. Bf1 Bc4 33. Bg2 Kg8 34. Qa7 Bf6 35. h4 Nf8 36. Be7 Qd7 37. Qxd7 Nxd7 38. d6 Bxe7 39. dxe7 Nf6 40. Nd5 Bxd5 41. exd5 Ne8 42. Bf1 f5 43. Bb5 Kf7 44. Bxe8+ 1-0

[Event "JUG Team Ch"]
[Site "Igalo"]
[Date "1994.??.??"]
[Round "7"]
[White "Georgiev, Kiril D"]
[Black "Skembris, Spyridon"]
[Result "1/2-1/2"]
[WhiteElo "2615"]
[BlackElo "2525"]
[PlyCount "25"]
[EventDate "1994.??.??"]
[Source "www.chesslib.no"]
[SourceDate "2004.05.04"]

1. d4 Nf6 2. c4 g6 3. Nc3 Bg7 4. e4 O-O 5. g3 d6 6. Bg2 c5 7. dxc5 dxc5 8. Qxd8 Rxd8 9. e5 Ng4 10. f4 Nc6 11. Bxc6 bxc6 12. h3 Nh6 13. Nge2 1/2-1/2

[Event "Bonn GSK-3"]
[Site "Bonn"]
[Date "1996.??.??"]
[Round "?"]
[White "Miezis, Normunds"]
[Black "Kveinys, Aloyzas"]
[Result "1-0"]
[WhiteElo "2530"]
[BlackElo "2530"]
[PlyCount "103"]
[EventDate "1996.08.??"]
[Source "ChessBase"]

1. c4 Nf6 2. Nc3 g6 3. e4 d6 4. g3 Bg7 5. Bg2 O-O 6. Nge2 e5 7. O-O c6 8. d4 Nbd7 9. h3 Qb6 10. Be3 Qxb2 11. a3 Nb6 12. Ra2 Qxa2 13. Nxa2 Nxc4 14. Bg5 Re8 15. d5 cxd5 16. Bxf6 Bxf6 17. Nac3 Nb6 18. Nb5 Rd8 19. exd5 Be7 20. Nec3 Bf5 21. g4 Bd7 22. Qb3 Bxb5 23. Nxb5 Nd7 24. f4 a6 25. Nc3 Nc5 26. Qb1 exf4 27. Rxf4 Bg5 28. Rf1 b5 29. Ne4 Nxe4 30. Qxe4 Re8 31. Qf3 Ra7 32. Kh1 a5 33. Qg3 Re5 34. Qb3 b4 35. axb4 axb4 36. Qxb4 Rd7 37. Qb5 Ree7 38. Qc6 Rd8 39. Qb6 Rdd7 40. Qf2 Re5 41. h4 Bd8 42. g5 Rf5 43. Qg3 Rxf1+ 44. Bxf1 Be7 45. Qb3 Bf8 46. Qb8 Kg7 47. Kg1 Kg8 48. Qb6 Kg7 49. h5 Be7 50. Qb2+ Kg8 51. h6 Bf8 52. Qb8 1-0

[Event "Ubeda op 5th"]
[Site "Ubeda"]
[Date "2000.01.25"]
[Round "7"]
[White "Anastasian, Ashot"]
[Black "Arizmendi Martinez, Julen Luis"]
[Result "1-0"]
[WhiteElo "2606"]
[BlackElo "2445"]
[PlyCount "127"]
[EventDate "2000.01.19"]
[Source "ChessBase"]
[SourceDate "2000.04.05"]

1. c4 Nf6 2. d4 g6 3. Nc3 Bg7 4. e4 d6 5. g3 O-O 6. Bg2 c5 7. dxc5 dxc5 8. Qxd8 Rxd8 9. e5 Nfd7 10. f4 Nb6 11. Nd5 Nc6 12. Ne3 Nb4 13. Ke2 f6 14. Nf3 Nc6 15. exf6 Bxf6 16. Bd2 Bxb2 17. Rab1 Bf6 18. Rb5 Nd4+ 19. Nxd4 cxd4 20. Nd5 d3+ 21. Kf2 Bd4+ 22. Be3 Bxe3+ 23. Nxe3 d2 24. Rd1 Na4 25. Rd5 Be6 26. R5xd2 Rxd2+ 27. Rxd2 Nc5 28. g4 Rf8 29. Kg3 b6 30. h4 Kg7 31. Rd1 Kh8 32. Bf3 Kg7 33. Nd5 Rd8 34. Re1 Bxd5 35. cxd5 Kf7 36. g5 Rc8 37. Bg4 Rd8 38. Re5 Nd3 39. Re3 Nc5 40. Bf3 Rc8 41. h5 Rc7 42. f5 gxf5 43. Re5 Ne4+ 44. Bxe4 fxe4 45. Rf5+ Kg7 46. Kf4 Rc2 47. Re5 Kf7 48. a4 Rf2+ 49. Kxe4 Ra2 50. Rf5+ Kg7 51. Ke5 Rxa4 52. h6+ Kg6 53. Rf8 Ra1 54. Rg8+ Kh5 55. Rg7 a5 56. Rxh7 Kxg5 57. Rxe7 Kxh6 58. d6 Re1+ 59. Kd5 Rd1+ 60. Kc6 a4 61. Ra7 b5 62. d7 Kg6 63. Ra8 b4 64. d8=Q 1-0

[Event "ISR-ch"]
[Site "Ramat Aviv/Modiin"]
[Date "2000.12.17"]
[Round "1"]
[White "Golod, Vitali"]
[Black "Roiz, Michael"]
[Result "1/2-1/2"]
[WhiteElo "2590"]
[BlackElo "2440"]
[PlyCount "31"]
[EventDate "2000.12.17"]
[Source "ChessBase"]
[SourceDate "2001.03.20"]

1. d4 Nf6 2. c4 g6 3. g3 Bg7 4. Bg2 O-O 5. Nc3 d6 6. e4 e5 7. Nf3 exd4 8. Nxd4 Nc6 9. Nxc6 bxc6 10. O-O Be6 11. b3 Qc8 12. Bb2 Bh3 13. Re1 Bxg2 14. Kxg2 Re8 15. Qc2 h5 16. Rad1 1/2-1/2

[Event "Helsinki op"]
[Site "Helsinki"]
[Date "1992.??.??"]
[Round "2"]
[White "Sturua, Zurab"]
[Black "Xie Jun"]
[Result "1-0"]
[WhiteElo "2545"]
[BlackElo "2480"]
[PlyCount "137"]
[EventDate "1992.09.??"]
[Source "ChessBase"]

1. d4 Nf6 2. c4 g6 3. g3 Bg7 4. Bg2 O-O 5. Nc3 c6 6. e4 d6 7. Nge2 e5 8. O-O Re8 9. h3 Nbd7 10. Be3 exd4 11. Bxd4 Qe7 12. Qc2 Nc5 13. Rfe1 h5 14. Rad1 Be6 15. b3 Rad8 16. Nf4 Nh7 17. Bxg7 Kxg7 18. Qb2 Kg8 19. h4 Bg4 20. f3 Bc8 21. Nce2 Qf6 22. Qxf6 Nxf6 23. Rd2 Kf8 24. Red1 Ke7 25. Kf2 Nh7 26. Nc3 Ne6 27. Nd3 Nhf8 28. Nc1 Nc7 29. b4 Nh7 30. Nb3 Rg8 31. Bf1 g5 32. hxg5 Nxg5 33. c5 dxc5 34. Rxd8 Rxd8 35. Rxd8 Kxd8 36. Nxc5 Nge6 37. Nd3 Ng7 38. Be2 Ke7 39. Ke3 Nce6 40. f4 f5 41. e5 b6 42. Nb2 Nf8 43. Bf3 Bd7 44. Ne2 Kd8 45. Nd4 Kc7 46. Be2 Nfe6 47. Nf3 c5 48. b5 Kd8 49. Nd1 Nc7 50. Nc3 Be6 51. Nd2 Nd5+ 52. Nxd5 Bxd5 53. Bc4 Bxc4 54. Nxc4 Ne8 55. Kd3 Kd7 56. Ne3 Ke6 57. Kc4 Nc7 58. a3 Ne8 59. Nd5 Kd7 60. a4 Ke6 61. a5 bxa5 62. Kxc5 Ng7 63. Nf6 Ke7 64. Kc4 Kd8 65. Kb3 Kc7 66. Nd5+ Kd7 67. Ka4 h4 68. gxh4 Nh5 69. Nf6+ 1-0

[Event "Moscow-ch"]
[Site "Moscow"]
[Date "1982.??.??"]
[Round "9"]
[White "Makarichev, Sergey"]
[Black "Rashkovsky, Nukhim N"]
[Result "1/2-1/2"]
[WhiteElo "2505"]
[BlackElo "2515"]
[PlyCount "85"]
[EventDate "1982.02.??"]
[Source "ChessBase"]

1. c4 Nf6 2. Nc3 g6 3. e4 d6 4. d4 Bg7 5. Nge2 O-O 6. g3 c5 7. d5 b5 8. cxb5 a6 9. bxa6 Bxa6 10. Nf4 Qa5 11. Bd2 Nbd7 12. Bxa6 Qxa6 13. Nfe2 Rfb8 14. Rb1 Rb4 15. a3 Rb7 16. O-O Rab8 17. Qc2 Ne5 18. b4 cxb4 19. axb4 Rxb4 20. Kg2 Rxb1 21. Rxb1 Rc8 22. Be3 Qc4 23. h3 h5 24. Bd4 Nd3 25. Rd1 Nc5 26. Bxc5 Rxc5 27. Rd4 Qa6 28. Ra4 Qb6 29. Qa2 Rc7 30. Rc4 Rxc4 31. Qxc4 Qb2 32. Qc7 Nh7 33. Qc8+ Nf8 34. Qc4 Bf6 35. Nd1 Qd2 36. Ne3 Nd7 37. Qc8+ Kg7 38. Qxd7 Qxe2 39. Qc6 Qd3 40. Qc4 Qb1 41. Qc2 Qb6 42. Qe2 Bd4 43. Nc2 1/2-1/2

[Event "Djakovo Open"]
[Site "Djakovo"]
[Date "1994.??.??"]
[Round "5"]
[White "Chernyshov, Konstantin"]
[Black "Hulak, Krunoslav"]
[Result "1/2-1/2"]
[WhiteElo "2480"]
[BlackElo "2530"]
[PlyCount "85"]
[EventDate "1994.11.??"]
[Source "www.chesslib.no"]
[SourceDate "2004.05.04"]

1. c4 Nf6 2. Nc3 g6 3. g3 Bg7 4. Bg2 O-O 5. d4 c6 6. e4 d6 7. Nge2 e5 8. O-O Nbd7 9. b3 Re8 10. d5 Nb6 11. dxc6 bxc6 12. Ba3 Bf8 13. Qd2 Bb7 14. Rfd1 c5 15. Qe3 Qb8 16. h3 Nc8 17. Rab1 a5 18. Nb5 Nh5 19. f4 exf4 20. Nxf4 Nf6 21. Bb2 Nxe4 22. Bxe4 Bxe4 23. Nd5 Bxd5 24. Qxe8 Be6 25. Qd8 d5 26. Kh2 Ne7 27. Qxb8 Rxb8 28. Be5 Rc8 29. Nd6 Ra8 30. cxd5 Nxd5 31. Ne4 Bf5 32. Re1 Bg7 33. Bxg7 Kxg7 34. Rbc1 a4 35. Nxc5 axb3 36. axb3 Ra2+ 37. Kh1 Bxh3 38. Nd3 Bf5 39. Rc5 Nf6 40. Nc1 Rb2 41. Re2 Rb1 42. Kg2 Be4+ 43. Kf2 1/2-1/2

[Event "Rio Hondo"]
[Site "Rio Hondo"]
[Date "1987.??.??"]
[Round "10"]
[White "Garcia Palermo, Carlos H"]
[Black "Quinteros, Miguel A"]
[Result "0-1"]
[WhiteElo "2520"]
[BlackElo "2490"]
[PlyCount "86"]
[EventDate "1987.09.??"]
[Source "www.chesslib.no"]
[SourceDate "2004.05.04"]

1. d4 g6 2. e4 Bg7 3. c4 c5 4. d5 e5 5. Nc3 d6 6. g3 Nf6 7. Bg2 O-O 8. Nge2 Nh5 9. f4 exf4 10. Nxf4 Nxf4 11. Bxf4 Qe7 12. Qd2 Nd7 13. O-O Ne5 14. b3 Bd7 15. h3 h5 16. a4 b6 17. Bg5 f6 18. Bh6 a6 19. Bxg7 Kxg7 20. Rf2 Rf7 21. Ne2 h4 22. gxh4 Rh8 23. a5 bxa5 24. Rxa5 Bc8 25. Nf4 Rxh4 26. Ne6+ Bxe6 27. dxe6 Qxe6 28. Rxa6 Rd7 29. Qd5 Qxd5 30. cxd5 Rh8 31. Rb6 Ra8 32. Bf1 Ra1 33. Kg2 Rb1 34. Rc2 f5 35. exf5 gxf5 36. Be2 Ng6 37. Kg3 f4+ 38. Kf2 Ne5 39. Bg4 Rd8 40. Be6 Kf6 41. Bg4 Kg5 42. Re2 Nxg4+ 43. hxg4 Rh1 0-1

[Event "DSV-Turnier"]
[Site "Leipzig"]
[Date "1975.??.??"]
[Round "5"]
[White "Gerusel, Mathias"]
[Black "Uhlmann, Wolfgang"]
[Result "0-1"]
[WhiteElo "2440"]
[BlackElo "2535"]
[PlyCount "132"]
[EventDate "1975.11.22"]
[Source "ChessBase"]

1. d4 Nf6 2. c4 g6 3. Nc3 Bg7 4. e4 d6 5. g3 O-O 6. Bg2 e5 7. d5 a5 8. Nge2 Nh5 9. Bf3 Na6 10. Be3 Bd7 11. Nc1 Nf6 12. g4 Ne8 13. h4 f5 14. gxf5 gxf5 15. exf5 Bxf5 16. Be4 Qd7 17. N1e2 Nc5 18. Ng3 Nxe4 19. Ncxe4 Nf6 20. Nxf5 Qxf5 21. Ng3 Qg4 22. Qxg4 Nxg4 23. Ke2 Bh6 24. Rhg1 Bxe3 25. fxe3 Kh8 26. Ne4 h5 27. Raf1 Kh7 28. Ng5+ Kg6 29. Ne6 Rxf1 30. Rxf1 Rc8 31. Nf8+ Kg7 32. Ne6+ Kg6 33. Nf8+ Kg7 34. Ne6+ Kg6 35. e4 c6 36. Kd3 cxd5 37. exd5 e4+ 38. Kxe4 Rxc4+ 39. Kd3 Ne5+ 40. Kd2 Rxh4 41. Nd8 Rd4+ 42. Ke3 Rxd5 43. Nxb7 Nc4+ 44. Ke4 Rb5 45. Rg1+ Kf6 46. b3 Nd2+ 47. Ke3 Rxb7 48. Kxd2 h4 49. Ke3 h3 50. Ke4 Rb5 51. Rh1 Rh5 52. Rh2 Ke6 53. a3 d5+ 54. Kf4 d4 55. Ke4 Rh4+ 56. Kd3 Kd5 57. b4 a4 58. Kd2 Kc4 59. Kc2 Rh7 60. Kd2 Kb3 61. Kd3 Kxa3 62. Kc4 d3 63. Kc3 Rc7+ 64. Kxd3 Kxb4 65. Rb2+ Ka3 66. Rh2 Kb3 0-1

[Event "41th ch-IND"]
[Site "Calcuta "]
[Date "2003.12.12"]
[Round "12"]
[White "Koneru, Humpy"]
[Black "Thipsay, Praveen Mahadeo"]
[Result "1-0"]
[WhiteElo "2485"]
[BlackElo "2486"]
[PlyCount "63"]
[EventDate "2003.12.04"]
[Source "Roberto Alvarez"]
[SourceDate "2003.12.22"]

1. d4 Nf6 2. c4 g6 3. g3 Bg7 4. Bg2 O-O 5. e4 d6 6. Nc3 Nbd7 7. Nge2 e5 8. O-O c6 9. b3 Re8 10. h3 a6 11. Be3 Qe7 12. d5 cxd5 13. Nxd5 Nxd5 14. Qxd5 Nf6 15. Qd2 b5 16. cxb5 axb5 17. Rfd1 Bb7 18. Qb4 Bc6 19. Nc3 Qb7 20. a4 bxa4 21. Qxb7 Bxb7 22. bxa4 Bf8 23. Nb5 Bc6 24. Nc7 Rxa4 25. Rac1 Bd7 26. Bg5 Nxe4 27. Nxe8 Bxe8 28. Bxe4 Rxe4 29. Rc8 f6 30. Be3 Kf7 31. Rb1 Be7 32. Rb7 1-0

[Event "XXIV Open internazionale"]
[Site "Collado Villalba SPA"]
[Date "2007.08.28"]
[Round "6.4"]
[White "Roa Alonso, Santiago"]
[Black "Suba, Mihai"]
[Result "1/2-1/2"]
[WhiteElo "2445"]
[BlackElo "2525"]
[PlyCount "133"]
[EventDate "2007.08.23"]
[Source "www.chesslib.no"]
[SourceDate "2004.05.04"]

1. d4 g6 2. g3 Bg7 3. Bg2 d6 4. e4 Nf6 5. Ne2 O-O 6. O-O Nbd7 7. c4 e5 8. Nbc3 c6 9. d5 Qe7 10. Rb1 a5 11. a3 c5 12. f3 Kh8 13. Bg5 h6 14. Be3 Ng8 15. b4 axb4 16. axb4 b6 17. Nb5 h5 18. Qd2 Kh7 19. Ra1 Bb7 20. bxc5 bxc5 21. Nec3 Nb6 22. Qd3 Bh6 23. Bf2 Rfb8 24. Rfb1 Nf6 25. Bf1 Ba6 26. Ra5 Ne8 27. Rba1 Qb7 28. Be1 Bg5 29. R5a3 Bd8 30. Bd2 Bxb5 31. Nxb5 Rxa3 32. Rxa3 Ra8 33. Qb3 Kg8 34. Kf2 Kf8 35. Be2 Rxa3 36. Qxa3 Qa8 37. Qxa8 Nxa8 38. f4 Nac7 39. Na7 Na8 40. Nc6 Bc7 41. Bc3 Nf6 42. Ke3 Nd7 43. Kd3 Nab6 44. Bd1 h4 45. Bg4 hxg3 46. hxg3 Nf6 47. Bh3 Nbd7 48. Bd2 Ke8 49. Be3 Bb6 50. Bf2 Bc7 51. Bg2 Ng4 52. Bg1 f5 53. Bh3 fxe4+ 54. Kxe4 Ndf6+ 55. Kd3 e4+ 56. Ke2 Bb6 57. Be3 Nh6 58. Bd2 Nf5 59. g4 Nd4+ 60. Kf2 Kf7 61. Bc3 Nc2 62. Ke2 Na3 63. Bxf6 Kxf6 64. g5+ Kg7 65. Ke3 Nxc4+ 66. Kxe4 Nb2 67. Bf1 1/2-1/2

[Event "Wch U20"]
[Site "Zagan"]
[Date "1997.07.23"]
[Round "9"]
[White "Gyimesi, Zoltan"]
[Black "Florean, Andrei"]
[Result "1-0"]
[WhiteElo "2525"]
[BlackElo "2445"]
[PlyCount "55"]
[EventDate "1997.07.14"]
[Source "ChessBase"]
[SourceDate "1997.09.26"]

1. d4 Nf6 2. c4 c5 3. d5 e5 4. Nc3 d6 5. e4 g6 6. g3 Bg7 7. Bg2 O-O 8. Nge2 Nbd7 9. O-O Ne8 10. Rb1 f5 11. f4 Qe7 12. Kh1 Kh8 13. exf5 gxf5 14. Qc2 exf4 15. Nxf4 Ne5 16. b3 Nf6 17. Bb2 Bd7 18. Rbe1 Rae8 19. Nb5 Rc8 20. Nxd6 Qxd6 21. Bxe5 Qa6 22. Bc3 Rce8 23. Qb2 Kg8 24. Rxe8 Rxe8 25. Ne6 Bxe6 26. Bxf6 Bxf6 27. Qxf6 Bd7 28. d6 1-0

[Event "ESP-chT"]
[Site "Salamanca"]
[Date "1998.??.??"]
[Round "3"]
[White "Iruzubieta Villaluenga, Jesus Maria"]
[Black "Comas Fabrego, Luis"]
[Result "0-1"]
[WhiteElo "2420"]
[BlackElo "2540"]
[PlyCount "52"]
[EventDate "1998.09.05"]
[Source "www.chesslib.no"]
[SourceDate "2004.05.04"]

1. c4 Nf6 2. Nc3 g6 3. g3 Bg7 4. Bg2 O-O 5. d4 d6 6. e4 e5 7. d5 a5 8. Nge2 Na6 9. O-O c6 10. h3 cxd5 11. exd5 Nd7 12. a3 Nac5 13. Be3 a4 14. Nb5 Ra6 15. f4 exf4 16. Bxf4 Ne5 17. Rc1 Qb6 18. Ned4 Bd7 19. Kh1 Ncd3 20. Rc3 Nxf4 21. gxf4 Nxc4 22. Rxc4 Bxb5 23. Nxb5 Qxb5 24. Rb4 Qd7 25. Qd3 Raa8 26. f5 Be5 0-1

[Event "IV Open"]
[Site "Dos Hermanas"]
[Date "2004.04.02"]
[Round "9"]
[White "Illescas Cordoba, Miguel"]
[Black "Barrero Garcia, Carlos"]
[Result "1-0"]
[WhiteElo "2616"]
[BlackElo "2339"]
[PlyCount "55"]
[EventDate "2004.03.25"]
[Source "Roberto Alvarez"]
[SourceDate "2004.04.05"]

1. d4 Nf6 2. c4 g6 3. g3 Bg7 4. Bg2 O-O 5. Nc3 c6 6. e4 d6 7. Nge2 e5 8. O-O Nbd7 9. h3 Re8 10. Re1 a5 11. Be3 exd4 12. Bxd4 Qe7 13. b3 Nc5 14. Rc1 Bh6 15. f4 Nh5 16. Bf2 Bd7 17. Nd4 Bxf4 18. gxf4 Nxf4 19. Re3 Nxg2 20. Kxg2 Qg5+ 21. Rg3 Qh6 22. Nf5 Bxf5 23. exf5 a4 24. fxg6 hxg6 25. b4 Ne6 26. Be3 Nf4+ 27. Kh2 Qh4 28. Qd4 1-0

[Event "Puchko mem"]
[Site "Alushta"]
[Date "2000.03.25"]
[Round "7"]
[White "Khurtsidze, Nino"]
[Black "Kovalev, Andrei"]
[Result "0-1"]
[WhiteElo "2464"]
[BlackElo "2490"]
[PlyCount "42"]
[EventDate "2000.03.22"]
[Source "ChessBase"]
[SourceDate "2000.05.11"]

1. e4 Nf6 2. c4 g6 3. g3 Bg7 4. Bg2 O-O 5. d4 d6 6. Nc3 c5 7. d5 e6 8. Nge2 exd5 9. cxd5 Re8 10. O-O b5 11. Nxb5 Nxe4 12. Qa4 Bd7 13. Re1 Nxf2 14. Kxf2 a6 15. Bf4 Bxb5 16. Qb3 g5 17. Bd2 Qf6+ 18. Qf3 Qxb2 19. Rad1 Nd7 20. Kg1 Ne5 21. Qf5 Nd3 0-1

[Event "5. Open"]
[Site "?"]
[Date "2004.11.07"]
[Round "7"]
[White "Epishin Vladimir"]
[Black "Gonzalez Rodriguez Jorge A"]
[Result "1-0"]
[WhiteElo "2599"]
[BlackElo "2354"]
[PlyCount "53"]
[EventDate "2004.??.??"]
[Source "www.chesslib.no"]
[SourceDate "2004.05.04"]

1. d4 Nf6 2. c4 c5 3. d5 e5 4. Nc3 d6 5. e4 g6 6. g3 Bg7 7. Bg2 O-O 8. Nf3 Na6 9. O-O Bd7 10. Ne1 Nc7 11. a4 Na6 12. f4 exf4 13. gxf4 Ng4 14. Nf3 f5 15. h3 Bxc3 16. bxc3 fxe4 17. Ng5 Nf6 18. Ne6 Bxe6 19. dxe6 Qe7 20. f5 gxf5 21. Bh6 Qxe6 22. Bxf8 Rxf8 23. Qd2 Ne8 24. Rae1 Nb8 25. Re3 Nd7 26. Rg3+ Ng7 27. Qg5 1-0

[Event "SUI-chT"]
[Site "Biel/Luzern/Zuerich/Bern"]
[Date "2004.02.29"]
[Round "1.1"]
[White "Dautov, Rustem"]
[Black "Umbach, Andreas"]
[Result "1-0"]
[WhiteElo "2609"]
[BlackElo "2338"]
[PlyCount "93"]
[EventDate "2004.02.29"]
[Source "Roberto Alvarez"]
[SourceDate "2004.06.07"]

1. d4 Nf6 2. c4 g6 3. g3 Bg7 4. Bg2 O-O 5. Nc3 c6 6. e4 d6 7. Nge2 e5 8. O-O a5 9. h3 Nbd7 10. Be3 exd4 11. Nxd4 Qe7 12. Qc2 Re8 13. Rfe1 h6 14. f4 Nc5 15. Bf2 Nh5 16. Kh2 Ne6 17. Nf5 gxf5 18. exf5 Qc7 19. Na4 Nf6 20. fxe6 Bxe6 21. Rad1 c5 22. b3 Bd7 23. Nc3 Rxe1 24. Rxe1 Bc6 25. Qd3 Bxg2 26. Kxg2 Qc6+ 27. Kg1 Kf8 28. g4 Re8 29. Rd1 Ne4 30. Nxe4 Rxe4 31. Qxd6+ Qxd6 32. Rxd6 Bd4 33. Bxd4 cxd4 34. f5 Ke7 35. c5 Re5 36. f6+ Ke8 37. Rxd4 Rxc5 38. Re4+ Kf8 39. Rc4 Rxc4 40. bxc4 Ke8 41. Kf2 Kd7 42. Kg3 Ke6 43. Kh4 Kxf6 44. Kh5 Kg7 45. g5 hxg5 46. Kxg5 a4 47. a3 1-0

[Event "Nice ol (Men)"]
[Site "Nice FRA"]
[Date "1974.??.??"]
[Round "11"]
[White "Naranja, Renato"]
[Black "Reshevsky, Samuel H"]
[Result "1/2-1/2"]
[WhiteElo "2395"]
[BlackElo "2550"]
[PlyCount "25"]
[EventDate "1974.06.06"]
[Source "www.chesslib.no"]
[SourceDate "2004.05.04"]

1. c4 g6 2. d4 Bg7 3. Nc3 d6 4. e4 Nf6 5. g3 O-O 6. Bg2 e5 7. d5 a5 8. Nge2 Na6 9. f3 Nc5 10. Be3 b6 11. O-O Ne8 12. Qd2 f5 13. f4 1/2-1/2

[Event "Ciego de Avila"]
[Site "?"]
[Date "1996.??.??"]
[Round "2"]
[White "Borges Mateos Juan"]
[Black "Moreno Alejandro"]
[Result "1/2-1/2"]
[WhiteElo "2525"]
[BlackElo "2420"]
[PlyCount "41"]
[EventDate "1996.??.??"]
[Source "www.chesslib.no"]
[SourceDate "2004.05.04"]

1. d4 Nf6 2. c4 g6 3. g3 Bg7 4. Bg2 O-O 5. Nc3 d6 6. e4 Nc6 7. Nge2 e5 8. d5 Nd4 9. O-O c5 10. dxc6 bxc6 11. Nxd4 Qc7 12. Nb3 Rb8 13. Qd3 Nd5 14. Nd4 Bb7 15. b3 Nb4 16. Bh3 exd4 17. Qe2 f5 18. Qe3 Rbd8 19. Qh6 Ba8 20. Kg2 Qf7 21. exf5 1/2-1/2

[Event "FRM-ch 11th"]
[Site "Gevgelija"]
[Date "2002.04.04"]
[Round "4"]
[White "Stanojoski, Zvonko"]
[Black "Nedev, Trajce"]
[Result "1/2-1/2"]
[WhiteElo "2455"]
[BlackElo "2487"]
[PlyCount "151"]
[EventDate "2002.04.01"]
[Source "ChessBase"]
[SourceDate "2002.05.03"]

1. c4 Nf6 2. g3 g6 3. Bg2 Bg7 4. Nc3 O-O 5. d4 c6 6. e4 d6 7. Nge2 e5 8. d5 cxd5 9. cxd5 Bd7 10. h3 b5 11. a3 a5 12. O-O Na6 13. Be3 Qb8 14. Qd2 Nc5 15. Bxc5 dxc5 16. Rfc1 a4 17. Nd1 Qb6 18. Qe3 Rfc8 19. Rc2 Bf8 20. Nc1 Qb8 21. Qg5 Ne8 22. Ne3 f6 23. Qh4 Qb6 24. Ne2 c4 25. Ng4 h5 26. Nh2 Ng7 27. g4 g5 28. Qg3 h4 29. Qf3 Ne8 30. Nf1 Bc5 31. Nc3 Kg7 32. Na2 Nd6 33. Ne3 Bxe3 34. fxe3 Rf8 35. Qe2 Be8 36. Rc3 Bg6 37. Qc2 Kh8 38. Nb4 Qa7 39. Rf1 Qh7 40. Rf5 Bxf5 41. exf5 Qa7 42. Be4 Qc5 43. Kf2 Rfd8 44. Kf3 Rd7 45. Qd2 Nb7 46. Bc2 Rad8 47. e4 Qg1 48. Ke2 Nd6 49. Qe1 Qxe1+ 50. Kxe1 Kg7 51. Kd2 Rc8 52. Ke3 Kf7 53. Bd1 Ke8 54. Bf3 Kd8 55. Kd2 Kc7 56. Re3 Kb6 57. Kc3 Nb7 58. Be2 Nc5 59. Bf1 Ra8 60. Re1 Rd6 61. Re3 Ka5 62. Re1 Na6 63. Ra1 Nc5 64. Re1 Rc8 65. Re3 Na6 66. Re1 Nxb4 67. axb4+ Kb6 68. Ra1 a3 69. bxa3 Ra8 70. Be2 Rd7 71. Bd1 Rda7 72. a4 bxa4 73. Ra3 Kb5 74. Be2 Rc8 75. Bf1 Ra6 76. Be2 1/2-1/2

[Event "Aut_chT"]
[Site "AUT"]
[Date "2004.??.??"]
[Round "5"]
[White "Bukal, Vladimir Jr"]
[Black "Stohl, Igor"]
[Result "1/2-1/2"]
[WhiteElo "2381"]
[BlackElo "2556"]
[PlyCount "38"]
[EventDate "2004.??.??"]
[Source "Roberto Alvarez"]
[SourceDate "2004.02.23"]

1. d4 Nf6 2. c4 g6 3. Nc3 Bg7 4. e4 d6 5. g3 O-O 6. Bg2 Nc6 7. Nge2 e5 8. d5 Nd4 9. O-O c5 10. dxc6 bxc6 11. Nxd4 exd4 12. Qxd4 Nd5 13. Qd3 Nxc3 14. bxc3 Qa5 15. Bf4 Ba6 16. Bxd6 Rfd8 17. Rfd1 Bxc3 18. Rab1 Be5 19. Bb4 Rxd3 1/2-1/2

[Event "Tel Aviv"]
[Site "Tel Aviv"]
[Date "1990.??.??"]
[Round "?"]
[White "Soffer, Ram"]
[Black "Davies, Nigel R"]
[Result "1/2-1/2"]
[WhiteElo "2440"]
[BlackElo "2485"]
[PlyCount "79"]
[EventDate "1990.02.??"]
[Source "ChessBase"]

1. c4 g6 2. Nc3 Bg7 3. g3 Nf6 4. Bg2 O-O 5. e4 d6 6. Nge2 c6 7. O-O a6 8. d4 e5 9. dxe5 dxe5 10. c5 Be6 11. Qc2 a5 12. Na4 Na6 13. a3 Nd7 14. Be3 Qe7 15. Rfd1 f5 16. f3 Qf7 17. Rd3 Nf6 18. Nb6 Rad8 19. Nc3 Rxd3 20. Qxd3 Qe7 21. Qd6 Qxd6 22. cxd6 Rd8 23. Bf1 Rxd6 24. Nc4 Bxc4 25. Bxc4+ Kh8 26. exf5 gxf5 27. Bb6 e4 28. Rd1 Rxd1+ 29. Nxd1 exf3 30. Be6 a4 31. Bc8 Ne4 32. Bxb7 Nac5 33. Bxc5 Nxc5 34. Bxc6 Bd4+ 35. Kf1 f2 36. Ke2 Kg7 37. Nxf2 Bxb2 38. Nd3 Bxa3 39. Nxc5 Bxc5 40. Bxa4 1/2-1/2

[Event "RUS-Cup03 (Geller mem)"]
[Site "Moscow"]
[Date "1999.02.08"]
[Round "7"]
[White "Khamrakulov, Ibragim S"]
[Black "Balashov, Yuri S"]
[Result "1/2-1/2"]
[WhiteElo "2350"]
[BlackElo "2575"]
[PlyCount "83"]
[EventDate "1999.02.10"]
[Source "ChessBase"]
[SourceDate "1999.06.08"]

1. e4 c6 2. c4 e5 3. Nc3 Nf6 4. Nge2 d6 5. g3 g6 6. Bg2 Bg7 7. O-O O-O 8. d4 Nbd7 9. d5 cxd5 10. Nxd5 Nxd5 11. Qxd5 Nc5 12. b3 Be6 13. Qd2 f5 14. exf5 gxf5 15. Bb2 Qe7 16. Rad1 Rad8 17. Nc3 Rd7 18. b4 Na6 19. Nd5 Qf7 20. a3 Rc8 21. Qe2 Nc7 22. Ne3 Ne8 23. Bd5 Rdc7 24. Qf3 e4 25. Qe2 Qg6 26. Kh1 Rf7 27. Bxg7 Nxg7 28. Ng2 Bxd5 29. Rxd5 Rfc7 30. Ne3 Rf8 31. Rfd1 Ne8 32. Ng2 Re7 33. Nf4 Qg7 34. Kg2 b6 35. h3 Qc3 36. Qe3 Qxc4 37. Rc1 Qa6 38. Qb3 Kh8 39. Qc3+ Kg8 40. Qb3 Kh8 41. Qc3+ Kg8 42. Qb3 1/2-1/2

[Event "Ciego de Avila"]
[Site "Ciego de Avila"]
[Date "1996.??.??"]
[Round "2"]
[White "Borges Mateos, Juan"]
[Black "Moreno, Alejandro"]
[Result "1/2-1/2"]
[WhiteElo "2530"]
[BlackElo "2385"]
[PlyCount "41"]
[EventDate "1996.11.01"]
[Source "ChessBase"]

1. d4 Nf6 2. c4 g6 3. g3 Bg7 4. Bg2 O-O 5. Nc3 d6 6. e4 Nc6 7. Nge2 e5 8. d5 Nd4 9. O-O c5 10. dxc6 bxc6 11. Nxd4 exd4 12. Qxd4 Ng4 13. Qd2 Ne5 14. b3 Qf6 15. Bb2 Nf3+ 16. Bxf3 Qxf3 17. Qf4 Qxf4 18. gxf4 f5 19. e5 dxe5 20. fxe5 Bxe5 21. Rfe1 1/2-1/2